| 000 | 00641nam a22001577a 4500 | ||
|---|---|---|---|
| 003 | OSt | ||
| 005 | 20151102111126.0 | ||
| 008 | 151102b xxu||||| |||| 00| 0 eng d | ||
| 040 | _cRUA | ||
| 082 | _aFOR គង់ 1993 B118 Or.1 | ||
| 100 |
_93178 _aគង់ថូ អ៊ីម៉ារិទ្ធ |
||
| 245 | _aស្វែងយល់ការវិវត្តន៍សហគមន៍ភូតគាមនៃព្រៃលិចទឹក ភាគខាងត្បូងរាជធានីភ្នំពេញ ខេត្តកណ្តាល | ||
| 260 |
_aPhnom Penh _bRUA _c1993 |
||
| 300 |
_a97p. _bill. _c29cm. |
||
| 942 |
_2ddc _cFOR |
||
| 999 |
_c2966 _d2966 |
||